000 00476nam a2200181Ia 4500
008 230711s9999||||xx |||||||||||||| ||und||
020 _a978-81-315-2662-0
041 _aENG
082 _a658.15
_bBR-F
100 _aBrigham,Eugene F.
245 0 _aFinancial management theory and practice
250 _a14th . Ed.
260 _c2014
_aNew Delhi
_bCengage Learning
300 _a1163p.
650 _aUNIVESITY BUSNIESS SCHOOL
700 _aEhrhardt,Michael C
942 _cBK
999 _c5962
_d5962